The complete guide to absolutely everything : abridged : adventures in math and science (Record no. 78278)

MARC details
000 -LEADER
fixed length control field 00941nam a22002777a 4500
003 - CONTROL NUMBER IDENTIFIER
control field CBULib
005 - DATE AND TIME OF LATEST TRANSACTION
control field 20240925085055.0
008 - FIXED-LENGTH DATA ELEMENTS--GENERAL INFORMATION
fixed length control field 230508b |||||||| |||| 00| 0 eng d
020 ## - INTERNATIONAL STANDARD BOOK NUMBER
International Standard Book Number 9780393881578
040 ## - CATALOGING SOURCE
Original cataloging agency CBULib
Transcribing agency CBULib
Language of cataloging English
Description conventions rda
041 ## - LANGUAGE CODE
Language code of text/sound track or separate title eng
050 ## - LIBRARY OF CONGRESS CALL NUMBER
Classification number Q 175 Rut
100 1# - MAIN ENTRY--PERSONAL NAME
Personal name Rutherford, Adam.
9 (RLIN) 13
245 ## - TITLE STATEMENT
Title The complete guide to absolutely everything : abridged : adventures in math and science
Statement of responsibility, etc / by Adam Rutherford and Hannah Fry
260 ## - PUBLICATION, DISTRIBUTION, ETC. (IMPRINT)
Place of publication, distribution, etc New York :
Name of publisher, distributor, etc W.W. NOTRTON & COMPANY,
Date of publication, distribution, etc 2021
300 ## - PHYSICAL DESCRIPTION
Extent 303 pages : illustrations
336 ## - CONTENT TYPE
Source rdacontent
Content type term Text |
Content type code txt
337 ## - MEDIA TYPE
Source rdamedia
Media type term Unmediated |
Media type code n
338 ## - CARRIER TYPE
Source rdacarrier
Carrier type term Volume
Carrier type code nc
650 ## - SUBJECT ADDED ENTRY--TOPICAL TERM
Source of heading or term Library of Congress
Topical term or geographic name as entry element SCIENCE--MISCELLANEA
650 ## - SUBJECT ADDED ENTRY--TOPICAL TERM
Source of heading or term Library of Congress
Topical term or geographic name as entry element MATHEMATICS--MISCELLANEA
650 ## - SUBJECT ADDED ENTRY--TOPICAL TERM
Source of heading or term OCLC
Topical term or geographic name as entry element COSMOLOGY
700 ## - ADDED ENTRY--PERSONAL NAME
Personal name Fry, Hannah
Titles and other words associated with a name (Author)
700 ## - ADDED ENTRY--PERSONAL NAME
Personal name Roberts, Alice
Titles and other words associated with a name (Illustrator)
942 ## - ADDED ENTRY ELEMENTS (KOHA)
Koha item type MONOGRAPH
Source of classification or shelving scheme
Holdings
Withdrawn status Lost status Source of classification or shelving scheme Damaged status Not for loan Collection code Permanent Location Current Location Shelving location Date acquired Source of acquisition Full call number Barcode Date last seen Copy number Price effective from Koha item type Total Checkouts
          Main Library Open Access Collection CBU-MAIN LIBRARY, KITWE. CBU-MAIN LIBRARY, KITWE. General Stacks 05/08/2023 DON-BOOKAID Q 175 Rut 751993 05/08/2023 1 05/08/2023 MONOGRAPH  
          CBU-Lusaka Campus CBU- LUSAKA CAMPUS CBU-MAIN LIBRARY, KITWE.   09/18/2024 DON-BOOKAID Q 175 Rut 752764 09/18/2024 2 09/18/2024 MONOGRAPH  
          CBU-Lusaka Campus CBU- LUSAKA CAMPUS CBU-MAIN LIBRARY, KITWE.   09/18/2024 DON-BOOKAID Q 175 Rut 752765 09/18/2024 3 09/18/2024 MONOGRAPH